| 000 | 00994nam a22002657a 4500 | ||
|---|---|---|---|
| 999 |
_c7755 _d7755 |
||
| 003 | AR-CdUCM | ||
| 008 | 190321b ||||| |||| 00| 0 spa d | ||
| 040 |
_aMUNICIPALIDAD PROVINCIAL DEL CUSCO _cBIBLIOTECA MUNICIPAL DEL CUSCO |
||
| 041 | _heng | ||
| 082 |
_a580 / _bM65 |
||
| 100 |
_aMillikan, Max F. _921908 |
||
| 245 |
_aNo hay cosecha fácil : _bEl dilema de la agricultura en los países jóvenes / |
||
| 260 |
_aMéxico : _bHispano americano, _c1969. |
||
| 300 |
_a317 paginas ; _c17 Cm. |
||
| 440 |
_aManuales Uteha _n402 _921909 |
||
| 500 | _aTitulo original : No easy harvest | ||
| 505 | _aContenido : Agricultura y desarrollo -- Naturaleza del Problema -- Requisitos físicos --El ambiente económico -- Investigación y educación... | ||
| 650 |
_aReforma agraria _91861 |
||
| 650 |
_aCosecha _921349 |
||
| 650 |
_aAgricultura y ganadería _921910 |
||
| 700 |
_aHapgood, David _921911 |
||
| 700 |
_aEsteve, Martin (Traductor) _921912 |
||
| 942 |
_2ddc _cLIBROS |
||
| 945 | _awnts | ||